000 00831nmm a2200265 a 4500
001 ocm000782495
003 TR-IsHL
005 20201028152631.0
008 150709s1987 tu tur
007 cr cn
035 _a782495
_b(N$T)
050 0 4 _aPL248.K87
_bH3 1987
090 0 4 _aPL248.K87
_bH3 1987
100 1 _aKurdoğlu, Ai
245 1 0 _aHarp ve kadın
_h[electronic resource] /
_cAi Kurdoğlu
250 _a1. bs.
260 _aAnkara :
_bKültür ve Turizm Bakanlığı Yayınları,
_c1987
300 _a332 p.
650 4 _aDil ve Edebiyat
650 4 _aLanguage and Literature
650 0 _aTürk romanı
650 0 _aTurkish fiction
650 7 _aLITERARY COLLECTIONS / Middle Eastern
_2bisacsh
856 4 0 _uhttp://search.ebscohost.com/login.aspx?direct=true&scope=site&db=e011xww&AN=782495
999 _c11629
_d11629